[Event "Nice op 21st"]
[Site "Nice"]
[Date "2005.08.06"]
[Round "7"]
[White "Leer Salvesen, Bjarte"]
[Black "So, Wesley"]
[Result "1/2-1/2"]
[WhiteElo "2374"]
[BlackElo "2165"]
[PlyCount "53"]
[EventDate "2005.08.01"]
[EventType "swiss"]
[EventRounds "7"]
[EventCountry "FRA"]
[SourceTitle "CBM 107 Extra"]
[Source "ChessBase"]
[SourceDate "2005.09.01"]
[SourceVersion "1"]
[SourceVersionDate "2005.09.01"]
[SourceQuality "1"]

1. c4 c5 2. g3 Nc6 3. Bg2 g6 4. Nc3 Bg7 5. Nf3 e6 6. O-O Nge7 7. e3 Nf5 8. b3
O-O 9. Bb2 d5 10. cxd5 exd5 11. d4 cxd4 12. Nxd4 Nfxd4 13. exd4 Bxd4 14. Qd2
Be6 15. Rad1 Bg4 16. Rc1 Be6 17. Rcd1 Bg4 18. Rc1 Be6 19. Rfd1 Rc8 20. Ba3 Re8
21. Nb5 Be5 22. Bxd5 Bxd5 23. Qxd5 Qxd5 24. Rxd5 Rcd8 25. Nd6 Bxd6 26. Bxd6 Re2
27. a3 1/2-1/2

[Event "Kuala Lumpur op 3rd"]
[Site "Kuala Lumpur"]
[Date "2006.08.22"]
[Round "3"]
[White "So, Wesley"]
[Black "Amrutha, Mokal"]
[Result "1-0"]
[WhiteElo "2330"]
[BlackElo "2146"]
[PlyCount "57"]
[EventDate "2006.08.21"]
[EventType "swiss"]
[EventRounds "11"]
[EventCountry "MAS"]
[SourceTitle "CBM 114 Extra"]
[Source "ChessBase"]
[SourceDate "2006.11.03"]
[SourceVersion "1"]
[SourceVersionDate "2006.11.03"]
[SourceQuality "1"]

1. e4 c5 2. Nf3 e6 3. d4 cxd4 4. Nxd4 a6 5. Bd3 Bc5 6. Nb3 Ba7 7. Qe2 Nc6 8.
Be3 d6 9. Nc3 Nf6 10. f4 Bxe3 11. Qxe3 e5 12. h3 exf4 13. Qxf4 Be6 14. O-O-O
Ne5 15. Be2 Qb6 16. Qg5 Rg8 17. Nd4 O-O-O 18. g4 Qa5 19. Kb1 Kb8 20. Qf4 h6 21.
Nf5 Bxf5 22. exf5 Ka8 23. h4 g5 24. fxg6 Rxg6 25. h5 Rxg4 26. Qxf6 Rb4 27. Nd5
Re4 28. Qf2 Re8 29. Bf3 1-0

[Event "Kuala Lumpur op 3rd"]
[Site "Kuala Lumpur"]
[Date "2006.08.22"]
[Round "4"]
[White "Hamid, Rani"]
[Black "So, Wesley"]
[Result "1/2-1/2"]
[WhiteElo "2144"]
[BlackElo "2330"]
[PlyCount "159"]
[EventDate "2006.08.21"]
[EventType "swiss"]
[EventRounds "11"]
[EventCountry "MAS"]
[SourceTitle "CBM 114 Extra"]
[Source "ChessBase"]
[SourceDate "2006.11.03"]
[SourceVersion "1"]
[SourceVersionDate "2006.11.03"]
[SourceQuality "1"]

1. e4 c5 2. Nf3 Nc6 3. d4 cxd4 4. Nxd4 Nf6 5. Nc3 e5 6. Ndb5 d6 7. Bg5 a6 8.
Na3 b5 9. Nd5 Be7 10. Bxf6 Bxf6 11. c3 O-O 12. Nc2 Rb8 13. Be2 Bg5 14. O-O a5
15. b4 axb4 16. cxb4 Be6 17. a4 bxa4 18. Rxa4 Ne7 19. b5 Nxd5 20. exd5 Bd7 21.
Na3 Qb6 22. Qb3 Rfc8 23. h4 Bh6 24. g4 Bf4 25. Kg2 g6 26. Rb1 Qd8 27. Ra7 Qxh4
28. Rh1 Qd8 29. Qh3 h5 30. Qd3 Bxg4 31. Bxg4 Qg5 32. Qh3 Bc1 33. Qg3 Qxg4 34.
Qxg4 hxg4 35. Rh4 Bxa3 36. Rxa3 Rxb5 37. Rxg4 Rxd5 38. Ra7 Rdc5 39. Rd7 R5c6
40. Rg3 R8c7 41. Rd8+ Kg7 42. Rd3 Kf6 43. R3xd6+ Rxd6 44. Rxd6+ Kf5 45. Rd2 Rc3
46. Ra2 Kg5 47. Ra5 f6 48. Rb5 Kf5 49. Ra5 g5 50. Ra8 e4 51. Re8 Kf4 52. Re6 f5
53. Ra6 g4 54. Ra5 e3 55. Ra4+ Kg5 56. fxe3 Rxe3 57. Kf2 Re4 58. Ra5 Kf4 59.
Ra2 Rc4 60. Kg2 Rd4 61. Rb2 Rd5 62. Ra2 Kg5 63. Rb2 f4 64. Ra2 Kh4 65. Rb2 Re5
66. Kg1 f3 67. Rh2+ Kg5 68. Ra2 Re1+ 69. Kf2 Re2+ 70. Kg3 Kf5 71. Ra5+ Ke4 72.
Ra4+ Ke3 73. Ra3+ Ke4 74. Ra4+ Ke3 75. Ra3+ Kd2 76. Kxg4 f2 77. Ra2+ Kc3 78.
Ra3+ Kc2 79. Ra1 Kd2 80. Kf3 1/2-1/2

[Event "Kuala Lumpur op 3rd"]
[Site "Kuala Lumpur"]
[Date "2006.08.23"]
[Round "5"]
[White "So, Wesley"]
[Black "Bao, Khoa"]
[Result "1-0"]
[WhiteElo "2330"]
[BlackElo "2093"]
[PlyCount "63"]
[EventDate "2006.08.21"]
[EventType "swiss"]
[EventRounds "11"]
[EventCountry "MAS"]
[SourceTitle "CBM 114 Extra"]
[Source "ChessBase"]
[SourceDate "2006.11.03"]
[SourceVersion "1"]
[SourceVersionDate "2006.11.03"]
[SourceQuality "1"]

1. e4 c5 2. Nf3 Nc6 3. d4 cxd4 4. Nxd4 Nf6 5. Nc3 e5 6. Ndb5 Bb4 7. a3 Bxc3+ 8.
Nxc3 O-O 9. Qd6 Nd4 10. Bd3 Re8 11. a4 Re6 12. Qa3 d5 13. Bg5 dxe4 14. Nxe4 Qc7
15. Bxf6 gxf6 16. c3 Nf5 17. O-O-O Kg7 18. Bc2 Rc6 19. Ng3 Ne7 20. Qb4 Rc4 21.
Qd6 Qxd6 22. Rxd6 Be6 23. Nh5+ Kh8 24. Nxf6 Rf4 25. Ne4 Bd5 26. f3 f5 27. Nd2
e4 28. g3 Rxf3 29. Nxf3 exf3 30. Rf1 Bc6 31. Bd1 Rb8 32. Rd4 1-0

[Event "Kuala Lumpur op 3rd"]
[Site "Kuala Lumpur"]
[Date "2006.08.25"]
[Round "8"]
[White "Dimakiling, Oliver"]
[Black "So, Wesley"]
[Result "1/2-1/2"]
[WhiteElo "2463"]
[BlackElo "2330"]
[PlyCount "30"]
[EventDate "2006.08.21"]
[EventType "swiss"]
[EventRounds "11"]
[EventCountry "MAS"]
[SourceTitle "CBM 114 Extra"]
[Source "ChessBase"]
[SourceDate "2006.11.03"]
[SourceVersion "1"]
[SourceVersionDate "2006.11.03"]
[SourceQuality "1"]

1. e4 c5 2. Nf3 Nc6 3. d4 cxd4 4. Nxd4 Nf6 5. Nc3 e5 6. Ndb5 d6 7. Bg5 a6 8.
Na3 b5 9. Bxf6 gxf6 10. Nd5 f5 11. Bd3 Be6 12. c3 Bg7 13. O-O Bxd5 14. exd5 Ne7
15. Qh5 e4 1/2-1/2

[Event "Kuala Lumpur op 3rd"]
[Site "Kuala Lumpur"]
[Date "2006.08.26"]
[Round "9"]
[White "So, Wesley"]
[Black "Dao, Thien Hai"]
[Result "1/2-1/2"]
[WhiteElo "2330"]
[BlackElo "2549"]
[PlyCount "34"]
[EventDate "2006.08.21"]
[EventType "swiss"]
[EventRounds "11"]
[EventCountry "MAS"]
[SourceTitle "CBM 114 Extra"]
[Source "ChessBase"]
[SourceDate "2006.11.03"]
[SourceVersion "1"]
[SourceVersionDate "2006.11.03"]
[SourceQuality "1"]

1. e4 c5 2. Nf3 e6 3. d4 cxd4 4. Nxd4 a6 5. Bd3 Qc7 6. O-O Nf6 7. Qe2 d6 8. c4
Nc6 9. Nxc6 bxc6 10. Nc3 Be7 11. f4 e5 12. f5 Qb7 13. Bg5 O-O 14. Rad1 Rd8 15.
Kh1 a5 16. b3 Rd7 17. Qf3 Rb8 1/2-1/2

[Event "Kuala Lumpur op 3rd"]
[Site "Kuala Lumpur"]
[Date "2006.08.26"]
[Round "10"]
[White "Wynn, Zaw Htung"]
[Black "So, Wesley"]
[Result "1-0"]
[WhiteElo "2572"]
[BlackElo "2330"]
[PlyCount "83"]
[EventDate "2006.08.21"]
[EventType "swiss"]
[EventRounds "11"]
[EventCountry "MAS"]
[SourceTitle "CBM 114 Extra"]
[Source "ChessBase"]
[SourceDate "2006.11.03"]
[SourceVersion "1"]
[SourceVersionDate "2006.11.03"]
[SourceQuality "1"]

1. c4 c5 2. Nc3 Nc6 3. g3 g6 4. Bg2 Bg7 5. Nf3 e5 6. O-O Nge7 7. d3 O-O 8. Nd5
d6 9. Rb1 Rb8 10. Bg5 Be6 11. Nxe7+ Nxe7 12. Qc1 f6 13. Bh6 Bxh6 14. Qxh6 b5
15. b3 Bd7 16. h4 Bc6 17. e4 bxc4 18. bxc4 Rxb1 19. Rxb1 Kh8 20. Rb3 Rf7 21.
Qd2 Ng8 22. Qb2 Rc7 23. Bh3 Qe7 24. h5 Rb7 25. Nh4 Kg7 26. hxg6 hxg6 27. Bf5
Rxb3 28. Qxb3 g5 29. Ng2 Qb7 30. Qd1 Ne7 31. Ne3 Bd7 32. Bxd7 Qxd7 33. Qh5 Qc8
34. Kg2 Qb7 35. Qe8 Qc7 36. Kf3 Qb7 37. Kg4 Qc7 38. Nf5+ Nxf5 39. Kxf5 Qf7 40.
Qxf7+ Kxf7 41. g4 a6 42. a3 1-0

[Event "Kuala Lumpur op 3rd"]
[Site "Kuala Lumpur"]
[Date "2006.08.27"]
[Round "11"]
[White "So, Wesley"]
[Black "Nguyen, Ngoc Truong Son"]
[Result "0-1"]
[WhiteElo "2330"]
[BlackElo "2535"]
[PlyCount "76"]
[EventDate "2006.08.21"]
[EventType "swiss"]
[EventRounds "11"]
[EventCountry "MAS"]
[SourceTitle "CBM 114 Extra"]
[Source "ChessBase"]
[SourceDate "2006.11.03"]
[SourceVersion "1"]
[SourceVersionDate "2006.11.03"]
[SourceQuality "1"]

1. e4 d6 2. d4 Nf6 3. Nc3 e5 4. dxe5 dxe5 5. Qxd8+ Kxd8 6. Bg5 Be6 7. O-O-O+
Nbd7 8. f4 exf4 9. Nf3 h6 10. Bxf4 c6 11. Nd4 Bc5 12. Be2 Ke7 13. Bf3 Rhd8 14.
e5 Bxd4 15. Rxd4 Ne8 16. Rb4 Rab8 17. Ne4 Nc7 18. Nd6 Nb6 19. Bg3 Na6 20. Rd4
Nc7 21. Rhd1 Nbd5 22. Ne4 g5 23. Bf2 b6 24. g3 Ne8 25. h4 g4 26. Be2 Bf5 27. c4
Nb4 28. Nc3 Rxd4 29. Rxd4 Ke6 30. a3 c5 31. Rf4 Nc6 32. Nd5 Nxe5 33. Ne3 Nd6
34. Nxf5 Nxf5 35. Kc2 h5 36. b4 Rc8 37. bxc5 bxc5 38. Kc3 Nd6 0-1

[Event "Bayern-chI Bank Hofmann 10th"]
[Site "Bad Wiessee"]
[Date "2006.11.04"]
[Round "1"]
[White "So, Wesley"]
[Black "Strasser, Josef"]
[Result "1-0"]
[WhiteElo "2411"]
[BlackElo "2015"]
[PlyCount "69"]
[EventDate "2006.11.04"]
[EventType "swiss"]
[EventRounds "9"]
[EventCountry "GER"]
[SourceTitle "EXT 2007"]
[Source "ChessBase"]
[SourceDate "2006.11.23"]
[SourceVersion "1"]
[SourceVersionDate "2006.11.23"]
[SourceQuality "1"]

1. e4 d5 2. exd5 Nf6 3. Nf3 Nxd5 4. d4 Bg4 5. h3 Bxf3 6. Qxf3 c6 7. c3 e6 8.
Bc4 Bd6 9. O-O O-O 10. Nd2 Nd7 11. Ne4 Be7 12. Bb3 N7f6 13. Ng3 Re8 14. Re1 Rc8
15. Bg5 Nd7 16. Bd2 Bd6 17. Ne4 Be7 18. Re2 N5f6 19. Ng5 Nf8 20. Rae1 Bd6 21.
g3 Qd7 22. Ne4 Nxe4 23. Rxe4 Red8 24. h4 c5 25. Bg5 Re8 26. dxc5 Rxc5 27. Be3
Rf5 28. Qg4 Bc5 29. Rd1 Qc6 30. Rxe6 Nxe6 31. Qxf5 Bxe3 32. fxe3 Qb6 33. Rd7
Qxe3+ 34. Kh2 Rf8 35. Rxf7 1-0

[Event "Bayern-chI Bank Hofmann 10th"]
[Site "Bad Wiessee"]
[Date "2006.11.10"]
[Round "7"]
[White "So, Wesley"]
[Black "Eingorn, Vereslav S"]
[Result "1/2-1/2"]
[WhiteElo "2411"]
[BlackElo "2591"]
[PlyCount "98"]
[EventDate "2006.11.04"]
[EventType "swiss"]
[EventRounds "9"]
[EventCountry "GER"]
[SourceTitle "EXT 2007"]
[Source "ChessBase"]
[SourceDate "2006.11.23"]
[SourceVersion "1"]
[SourceVersionDate "2006.11.23"]
[SourceQuality "1"]

1. e4 c5 2. Nf3 a6 3. c3 d5 4. exd5 Qxd5 5. d4 e6 6. Be2 Nc6 7. O-O Nf6 8. Be3
cxd4 9. Nxd4 Nxd4 10. Bxd4 Bc5 11. Bf3 Qd6 12. Bxf6 gxf6 13. Qxd6 Bxd6 14. Nd2
Ke7 15. Rad1 Rb8 16. Rfe1 Rd8 17. Ne4 Bc7 18. Rxd8 Bxd8 19. Rd1 Bc7 20. g4 b6
21. Kg2 Be5 22. h3 Bd7 23. Nd2 Ba4 24. Nb3 a5 25. Rd2 Bxb3 26. axb3 Bf4 27. Rd1
Rg8 28. Be4 h5 29. Kf3 Bd6 30. Rd4 hxg4+ 31. hxg4 Rh8 32. Kg2 Rh2+ 33. Kg1 Rh4
34. Bf3 Rh8 35. Kg2 Rg8 36. Kf1 Rg5 37. Be2 Bc5 38. Rc4 b5 39. Re4 b4 40. Rc4
Kd6 41. Rf4 f5 42. gxf5 e5 43. Rf3 e4 44. Rf4 Ke5 45. Rh4 Rxf5 46. Rh5 Rxh5 47.
Bxh5 f5 48. Ke2 f4 49. f3 Kd5 1/2-1/2

[Event "Bayern-chI Bank Hofmann 10th"]
[Site "Bad Wiessee"]
[Date "2006.11.11"]
[Round "8"]
[White "Halkias, Stelios"]
[Black "So, Wesley"]
[Result "1/2-1/2"]
[WhiteElo "2571"]
[BlackElo "2411"]
[PlyCount "53"]
[EventDate "2006.11.04"]
[EventType "swiss"]
[EventRounds "9"]
[EventCountry "GER"]
[SourceTitle "EXT 2007"]
[Source "ChessBase"]
[SourceDate "2006.11.23"]
[SourceVersion "1"]
[SourceVersionDate "2006.11.23"]
[SourceQuality "1"]

1. d4 Nf6 2. c4 e6 3. Nf3 b6 4. Nc3 Bb7 5. Bg5 Bb4 6. Nd2 h6 7. Bh4 Bxc3 8.
bxc3 d6 9. f3 Nbd7 10. e4 Qe7 11. Bd3 g5 12. Bf2 Nh5 13. g3 f5 14. Qe2 Ng7 15.
O-O fxe4 16. Bxe4 Bxe4 17. Qxe4 O-O 18. Rae1 Qf7 19. g4 e5 20. d5 Nf6 21. Qd3
a6 22. h4 b5 23. hxg5 hxg5 24. Rd1 bxc4 25. Nxc4 Rae8 26. Bg3 Qd7 27. Qg6
1/2-1/2

[Event "Bayern-chI Bank Hofmann 10th"]
[Site "Bad Wiessee"]
[Date "2006.11.12"]
[Round "9"]
[White "So, Wesley"]
[Black "Georgiev, Vladimir"]
[Result "1/2-1/2"]
[WhiteElo "2411"]
[BlackElo "2532"]
[PlyCount "20"]
[EventDate "2006.11.04"]
[EventType "swiss"]
[EventRounds "9"]
[EventCountry "GER"]
[SourceTitle "EXT 2007"]
[Source "ChessBase"]
[SourceDate "2006.11.23"]
[SourceVersion "1"]
[SourceVersionDate "2006.11.23"]
[SourceQuality "1"]

1. e4 e5 2. Bc4 Nf6 3. d3 Nc6 4. Nc3 Na5 5. Nge2 c6 6. a3 d5 7. Ba2 b6 8. exd5
cxd5 9. d4 exd4 10. Nxd4 Ba6 1/2-1/2

[Event "Manila PGMA Cup 1st"]
[Site "Manila"]
[Date "2006.11.18"]
[Round "2"]
[White "Paragua, Mark"]
[Black "So, Wesley"]
[Result "0-1"]
[WhiteElo "2587"]
[BlackElo "2411"]
[PlyCount "74"]
[EventDate "2006.11.17"]
[EventType "swiss"]
[EventRounds "9"]
[EventCountry "PHI"]
[SourceTitle "CBM 115 Extra"]
[Source "ChessBase"]
[SourceDate "2007.01.10"]
[SourceVersion "1"]
[SourceVersionDate "2007.01.10"]
[SourceQuality "1"]

1. Nf3 Nf6 2. c4 c5 3. Nc3 Nc6 4. g3 g6 5. Bg2 Bg7 6. d4 cxd4 7. Nxd4 O-O 8.
O-O Nxd4 9. Qxd4 d6 10. Qh4 Be6 11. Nd5 Rc8 12. Be3 b5 13. Nf4 Bxc4 14. b3 e5
15. bxc4 exf4 16. Bxf4 Rxc4 17. Rad1 d5 18. Qh3 Ne4 19. Rd3 Nc3 20. Bf3 Re8 21.
Re1 d4 22. Bd2 Ne4 23. Bxe4 Rxe4 24. e3 Rc2 25. a3 Qd5 26. Qf1 h5 27. Rd1 Qf5
28. Bc1 Bh6 29. Bd2 Qe6 30. Re1 Qf5 31. Bc1 Qe6 32. Bd2 Qc6 33. h4 Kh7 34. Kh2
a5 35. Kg1 b4 36. axb4 axb4 37. Qg2 b3 0-1

[Event "Manila PGMA Cup 1st"]
[Site "Manila"]
[Date "2006.11.18"]
[Round "3"]
[White "So, Wesley"]
[Black "Torre, Eugenio"]
[Result "1/2-1/2"]
[WhiteElo "2411"]
[BlackElo "2552"]
[PlyCount "51"]
[EventDate "2006.11.17"]
[EventType "swiss"]
[EventRounds "9"]
[EventCountry "PHI"]
[SourceTitle "CBM 115 Extra"]
[Source "ChessBase"]
[SourceDate "2007.01.10"]
[SourceVersion "1"]
[SourceVersionDate "2007.01.10"]
[SourceQuality "1"]

1. e4 e5 2. Bc4 Nf6 3. d3 c6 4. Nf3 d5 5. Bb3 Bb4+ 6. Bd2 Bxd2+ 7. Nbxd2 Nbd7
8. O-O O-O 9. Re1 Re8 10. d4 exd4 11. exd5 Rxe1+ 12. Qxe1 Nxd5 13. Bxd5 cxd5
14. Nxd4 Nf6 15. Qe3 Qb6 16. Re1 Bd7 17. N2b3 Rc8 18. Qd2 Qc7 19. f3 b6 20. Re3
Qd6 21. Qf2 a5 22. Qg3 Qf8 23. Qe1 Qd6 24. Qg3 Qf8 25. Qe1 Qd6 26. Qg3 1/2-1/2

[Event "Manila PGMA Cup 1st"]
[Site "Manila"]
[Date "2006.11.20"]
[Round "5"]
[White "So, Wesley"]
[Black "Zhou, Weiqi"]
[Result "1/2-1/2"]
[WhiteElo "2411"]
[BlackElo "2435"]
[PlyCount "66"]
[EventDate "2006.11.17"]
[EventType "swiss"]
[EventRounds "9"]
[EventCountry "PHI"]
[SourceTitle "CBM 115 Extra"]
[Source "ChessBase"]
[SourceDate "2007.01.10"]
[SourceVersion "1"]
[SourceVersionDate "2007.01.10"]
[SourceQuality "1"]

1. e4 e6 2. d4 d5 3. Nc3 Nf6 4. Bg5 h6 5. Bxf6 Qxf6 6. exd5 Bb4 7. dxe6 Bxe6 8.
Nf3 O-O 9. Be2 c5 10. O-O Rd8 11. Ne4 Qf4 12. Ng3 cxd4 13. c3 Bc5 14. Bd3 Nc6
15. Ne2 Qd6 16. Qa4 Ne5 17. Nxe5 Qxe5 18. c4 a6 19. Ng3 Qc7 20. Ne4 Bf8 21.
Rac1 Rac8 22. Qd1 b5 23. cxb5 Qxc1 24. Qxc1 Rxc1 25. Rxc1 axb5 26. b3 b4 27.
Kf1 Bd5 28. Nd2 Be7 29. Rc2 g5 30. Nc4 Kg7 31. Re2 Bf6 32. f3 h5 33. Kf2 Be6
1/2-1/2

[Event "Manila PGMA Cup 1st"]
[Site "Manila"]
[Date "2006.11.20"]
[Round "6"]
[White "Villamayor, Buenaventura"]
[Black "So, Wesley"]
[Result "1/2-1/2"]
[WhiteElo "2430"]
[BlackElo "2411"]
[PlyCount "45"]
[EventDate "2006.11.17"]
[EventType "swiss"]
[EventRounds "9"]
[EventCountry "PHI"]
[SourceTitle "CBM 115 Extra"]
[Source "ChessBase"]
[SourceDate "2007.01.10"]
[SourceVersion "1"]
[SourceVersionDate "2007.01.10"]
[SourceQuality "1"]

1. Nf3 c5 2. g3 Nc6 3. Bg2 e5 4. O-O g6 5. c4 Bg7 6. Nc3 Nge7 7. d3 d6 8. a3
O-O 9. Rb1 a5 10. Bd2 h6 11. Ne1 Be6 12. Nd5 Rb8 13. b4 axb4 14. axb4 cxb4 15.
Nc2 b5 16. Bxb4 Qd7 17. Nxe7+ Nxe7 18. Na3 bxc4 19. Nxc4 d5 20. Ne3 Rfd8 21.
Bxe7 Rxb1 22. Qxb1 Qxe7 23. Qb5 1/2-1/2

[Event "Manila PGMA Cup 1st"]
[Site "Manila"]
[Date "2006.11.21"]
[Round "7"]
[White "So, Wesley"]
[Black "Vakhidov, Tahir"]
[Result "1/2-1/2"]
[WhiteElo "2411"]
[BlackElo "2522"]
[PlyCount "62"]
[EventDate "2006.11.17"]
[EventType "swiss"]
[EventRounds "9"]
[EventCountry "PHI"]
[SourceTitle "CBM 115 Extra"]
[Source "ChessBase"]
[SourceDate "2007.01.10"]
[SourceVersion "1"]
[SourceVersionDate "2007.01.10"]
[SourceQuality "1"]

1. e4 c5 2. Nf3 a6 3. c4 Nc6 4. d4 cxd4 5. Nxd4 Nf6 6. Nc3 e5 7. Nf5 d5 8. cxd5
Bxf5 9. exf5 Nd4 10. Bd3 Nxd5 11. O-O Bb4 12. Be4 Nxc3 13. bxc3 Bxc3 14. Rb1
O-O 15. Ba3 Qa5 16. Bxf8 Rxf8 17. Rxb7 Qxa2 18. Qg4 Qe2 19. Qh4 Bd2 20. Rfb1 h6
21. Bd5 Nxf5 22. Qh3 Nd6 23. Rd7 Bb4 24. Qf3 Qc2 25. Qb3 Qf5 26. Rc7 a5 27. Rd1
e4 28. Qc2 Qe5 29. Rd7 Qf5 30. Rc7 Qe5 31. Rd7 Qf5 1/2-1/2

[Event "Manila PGMA Cup 1st"]
[Site "Manila"]
[Date "2006.11.23"]
[Round "9"]
[White "So, Wesley"]
[Black "Belov, Vladimir"]
[Result "0-1"]
[WhiteElo "2411"]
[BlackElo "2589"]
[PlyCount "74"]
[EventDate "2006.11.17"]
[EventType "swiss"]
[EventRounds "9"]
[EventCountry "PHI"]
[SourceTitle "CBM 115 Extra"]
[Source "ChessBase"]
[SourceDate "2007.01.10"]
[SourceVersion "1"]
[SourceVersionDate "2007.01.10"]
[SourceQuality "1"]

1. e4 c5 2. Nf3 d6 3. d4 cxd4 4. Nxd4 Nf6 5. Nc3 a6 6. f4 e6 7. Qf3 Qb6 8. Nb3
Qc7 9. Bd3 b5 10. g4 Bb7 11. g5 Nfd7 12. Qh3 g6 13. Rf1 Bg7 14. f5 exf5 15.
exf5 O-O 16. Be3 Re8 17. O-O-O Ne5 18. Be4 Bxe4 19. Nxe4 Nbd7 20. Nxd6 Nc4 21.
Nxc4 bxc4 22. fxg6 hxg6 23. Rxd7 Rxe3 24. Rfxf7 Bxb2+ 25. Kb1 Rxh3 26. Rxc7 Be5
27. Rce7 cxb3 28. axb3 Rxh2 29. Rf1 Bg7 30. Re6 Kh7 31. Rc6 a5 32. Ka2 Re8 33.
Rf7 Re1 34. b4 a4 35. Rxg7+ Kxg7 36. b5 Ree2 37. Kb1 Re5 0-1

[Event "Singapore Masters 3rd"]
[Site "Singapore"]
[Date "2006.12.26"]
[Round "2"]
[White "So, Wesley"]
[Black "Zinmar, Min Than"]
[Result "1-0"]
[WhiteElo "2411"]
[BlackElo "2231"]
[PlyCount "87"]
[EventDate "2006.12.26"]
[EventType "swiss"]
[EventRounds "9"]
[EventCountry "SIN"]
[SourceTitle "CBM 116 Extra"]
[Source "ChessBase"]
[SourceDate "2007.03.07"]
[SourceVersion "1"]
[SourceVersionDate "2007.03.07"]
[SourceQuality "1"]

1. e4 c5 2. Nf3 Nc6 3. d4 cxd4 4. Nxd4 Nf6 5. Nc3 e5 6. Ndb5 d6 7. Bg5 a6 8.
Na3 b5 9. Bxf6 gxf6 10. Nd5 f5 11. Bd3 Be6 12. O-O Bxd5 13. exd5 Ne7 14. c3 Bg7
15. Qh5 e4 16. Bc2 b4 17. Ba4+ Kf8 18. cxb4 Bxb2 19. Rab1 Bg7 20. Nc4 Rb8 21.
Ne3 f4 22. Nf5 Nxf5 23. Qxf5 Qh4 24. Qxe4 Rg8 25. Rfc1 Be5 26. Rc7 Rg6 27. Bd7
Qh5 28. h3 f3 29. Bg4 Qh4 30. Qxf3 Rf6 31. Qe3 Bf4 32. Qd3 Be5 33. g3 Qh6 34.
f4 Qg6 35. Rd1 Bb2 36. Rc8+ Rxc8 37. Bxc8 Qg7 38. Kh2 h5 39. h4 Rg6 40. Bf5 Rh6
41. Qxa6 Qc3 42. Qc8+ Kg7 43. Qxc3+ Bxc3 44. Rb1 1-0

[Event "Singapore Masters 3rd"]
[Site "Singapore"]
[Date "2006.12.27"]
[Round "3"]
[White "Pham, Le Thao Nguyen"]
[Black "So, Wesley"]
[Result "0-1"]
[WhiteElo "2277"]
[BlackElo "2411"]
[PlyCount "56"]
[EventDate "2006.12.26"]
[EventType "swiss"]
[EventRounds "9"]
[EventCountry "SIN"]
[SourceTitle "CBM 116 Extra"]
[Source "ChessBase"]
[SourceDate "2007.03.07"]
[SourceVersion "1"]
[SourceVersionDate "2007.03.07"]
[SourceQuality "1"]

1. d4 Nf6 2. Nf3 e6 3. g3 d5 4. Bg2 Be7 5. O-O O-O 6. c4 dxc4 7. Qa4 a6 8. Qxc4
b5 9. Qc2 Bb7 10. a4 Nc6 11. Be3 Nd5 12. Na3 Nxe3 13. fxe3 Nb4 14. Qd2 bxa4 15.
Nc2 Nxc2 16. Qxc2 c5 17. Qxa4 Rb8 18. Rfd1 Qd5 19. Qa3 Qh5 20. Rd2 Bd5 21. Qa4
Qh6 22. Kf2 Rb3 23. Rd3 Rxb2 24. Nd2 cxd4 25. e4 Rxd2 26. Rxd2 Qxd2 27. exd5 d3
28. Qe4 dxe2 0-1

[Event "Singapore Masters 3rd"]
[Site "Singapore"]
[Date "2006.12.27"]
[Round "4"]
[White "So, Wesley"]
[Black "Xu, Yuanyuan"]
[Result "1/2-1/2"]
[WhiteElo "2411"]
[BlackElo "2329"]
[PlyCount "83"]
[EventDate "2006.12.26"]
[EventType "swiss"]
[EventRounds "9"]
[EventCountry "SIN"]
[SourceTitle "CBM 116 Extra"]
[Source "ChessBase"]
[SourceDate "2007.03.07"]
[SourceVersion "1"]
[SourceVersionDate "2007.03.07"]
[SourceQuality "1"]

1. e4 c6 2. d4 d5 3. Nc3 dxe4 4. Nxe4 Bf5 5. Ng3 Bg6 6. h4 h6 7. Nf3 Nd7 8. h5
Bh7 9. Bd3 Bxd3 10. Qxd3 e6 11. Bd2 Ngf6 12. O-O-O Be7 13. Ne4 O-O 14. Kb1 c5
15. dxc5 Nxc5 16. Qxd8 Rfxd8 17. Nxf6+ Bxf6 18. Be3 Nd7 19. Rd3 Kf8 20. Rhd1
Ke8 21. g4 Be7 22. c4 a6 23. Rb3 b6 24. Bd4 Bf6 25. Rbd3 Nc5 26. Bxc5 bxc5 27.
Rxd8+ Rxd8 28. Rxd8+ Kxd8 29. Kc2 Bd4 30. Nxd4 cxd4 31. Kd3 e5 32. b4 Kc7 33.
c5 Kc6 34. Kc4 Kc7 35. a4 Kc6 36. b5+ axb5+ 37. axb5+ Kb7 38. b6 Kc6 39. Kb4
Kb7 40. f3 Kc6 41. Kc4 Kb7 42. Kb4 1/2-1/2

[Event "Singapore Masters 3rd"]
[Site "Singapore"]
[Date "2006.12.28"]
[Round "5"]
[White "Madjidov, Jasur"]
[Black "So, Wesley"]
[Result "0-1"]
[WhiteElo "2238"]
[BlackElo "2411"]
[PlyCount "116"]
[EventDate "2006.12.26"]
[EventType "swiss"]
[EventRounds "9"]
[EventCountry "SIN"]
[SourceTitle "CBM 116 Extra"]
[Source "ChessBase"]
[SourceDate "2007.03.07"]
[SourceVersion "1"]
[SourceVersionDate "2007.03.07"]
[SourceQuality "1"]

1. e4 c5 2. Nf3 Nc6 3. d4 cxd4 4. Nxd4 Nf6 5. Nc3 e5 6. Ndb5 d6 7. Bg5 a6 8.
Na3 b5 9. Nd5 Be7 10. Bxf6 Bxf6 11. c3 O-O 12. Nc2 Rb8 13. Be2 Bg5 14. O-O Be6
15. Ncb4 Nxb4 16. Nxb4 Qb6 17. a4 a5 18. Nd5 Bxd5 19. Qxd5 bxa4 20. Rfb1 Rfc8
21. Bc4 Qc5 22. Qxc5 Rxc5 23. Rxa4 Bd2 24. Ba2 Bxc3 25. bxc3 Rxb1+ 26. Bxb1
Rxc3 27. f4 Rc1+ 28. Kf2 Rxb1 29. Rxa5 f6 30. Ra8+ Kf7 31. Ra7+ Kg6 32. f5+ Kg5
33. g3 Rb2+ 34. Kf3 Rb3+ 35. Kf2 g6 36. Rg7 Rb2+ 37. Kg1 Rb4 38. h4+ Kh6 39.
Rf7 Rxe4 40. Rxf6 Rd4 41. fxg6 hxg6 42. Kf2 Kg7 43. Rf3 e4 44. Rf4 d5 45. Ke2
Rd3 46. Rg4 Kf6 47. Rg5 d4 48. Rd5 Ke6 49. Rg5 Re3+ 50. Kd2 Ra3 51. Rxg6+ Kd5
52. Kc2 e3 53. Rg5+ Kc4 54. Re5 Ra2+ 55. Kb1 Rg2 56. Re8 e2 57. Kc1 Kc3 58.
Rc8+ Kd3 0-1

[Event "Singapore Masters 3rd"]
[Site "Singapore"]
[Date "2006.12.29"]
[Round "8"]
[White "Li, Shilong"]
[Black "So, Wesley"]
[Result "1-0"]
[WhiteElo "2524"]
[BlackElo "2411"]
[PlyCount "73"]
[EventDate "2006.12.26"]
[EventType "swiss"]
[EventRounds "9"]
[EventCountry "SIN"]
[SourceTitle "CBM 116 Extra"]
[Source "ChessBase"]
[SourceDate "2007.03.07"]
[SourceVersion "1"]
[SourceVersionDate "2007.03.07"]
[SourceQuality "1"]

1. e4 c5 2. Nf3 Nc6 3. d4 cxd4 4. Nxd4 Nf6 5. Nc3 e5 6. Ndb5 d6 7. Bg5 a6 8.
Na3 b5 9. Nd5 Be7 10. Bxf6 Bxf6 11. c3 O-O 12. Nc2 Rb8 13. Be2 Bg5 14. Qd3 a5
15. Rd1 Be6 16. Na3 b4 17. Nb5 bxc3 18. bxc3 Ne7 19. Ndc7 Bxa2 20. h4 Bh6 21.
c4 Nc6 22. Qa3 Nb4 23. Kf1 Qc8 24. Qxa5 Bb3 25. Nxd6 Nc2 26. Rh3 Nd4 27. Rxd4
exd4 28. Rxb3 Qd8 29. g3 Rb7 30. Ra3 Bc1 31. Rd3 Qe7 32. Rxd4 Bb2 33. Nd5 Qe5
34. Rd2 Bc1 35. Ra2 Qxe4 36. Kg1 Bh6 37. Bf1 1-0